1882 1191 1896 1167 1590 1134 1183 1559 1887 1156 1361 1456 1181 1950 1726 1172 1452 1155 1027 1517 1301 1603 1020 1057 1061 1874 1582 1525 1932 1865 1117 1266 1400 1918 1745 1045 1086 1531 1810 1014 1803 1293 1217 1146 1294 1808 1048 1983 1496 1876 1335 1287 1569 1529 1407 1250 1432 1594 1362 1799 1752 1068 1681 1248 1951 1418 1045 1707 1523 1993 1779 1139 1787 1860 1474 1806 1265 1026 1926 1122 1399 1162 1245 1058 1104 1698 1294 1094 1571 1229 1614 1270 1910 1825 1572 1711 1488 1416 1742 BCNSPRNW ULIB Ver.6.0+V

เปลี่ยนเป็นภาษาไทย

Change to English
 แสดงรายละเอียดบรรณานุกรม
  กลับหน้าหลัก

Brief Record : Get Marc (ISO 2709) : E-mail record : QR code < ปิดหน้าต่าง
LEADER : 00000nam 2200000uu 4500
001    13399125861
003     ULIB
008    020711s2017 th a 000 0 eng d
020    ^a9781119186991
060    ^aWY105^bA-H
100    ^aAshton, david.
245    ^aHow to be a nurse or midwife leader/^bAshton, david.
260    ^aWest Sussex :^bHoboken, NJ,^c2017
300    ^a214 pages;^c22 cm
650    ^aNursing, Supervisory
650  0 ^aNurse Midwives-organization&administration
945    ^p935^l0^i003243
999    ^aประนอม เกษจรัล
รายการนี้ยังไม่มีแท็ก
คุณยังไม่ได้ล็อกอิน คุณสามารถมีกิจกรรมร่วมกับเว็บไซต์ได้ แต่ต้องล็อกอินก่อน ::
  ล็อกอิน

รายการสื่อสารสนเทศ

ลำดับที่ ประเภท เลขเรียก/บาร์โค้ด สถานที่ สถานะ
1. วิทยาศาสตร์การแพทย์ และสุขภาพ
หนังสือสำรอง
สถานะ=หนังสือสำรอง
WY105 A-H ฉ.1 
  Barcode: 003243
ห้องสมุดวิทยาเขตสวรรค์ประชารักษ์
►หนังสือทั่วไป
บนชั้น

รายการใกล้เคียง
    หัวเรื่อง [Nursing, Supervisory]

BibComment


ยังไม่เคยถูกคอมเมนท์

คอมเมนท์ทรัพยากรรายการนี้
  คอมเมนท์: How to be a nurs..


 Copyright 2026. Bcnsprnw @Library